Kinh doanh, những điều còn ít nói

שמור ב:
מידע ביבליוגרפי
מחבר ראשי: Đặng, Xuân Tuyến
פורמט: ספר
שפה:Undetermined
יצא לאור: Hà Nội Văn hoá - Thông tin 1996
נושאים:
תגים: הוספת תג
אין תגיות, היה/י הראשונ/ה לתייג את הרשומה!
Thư viện lưu trữ: Trung tâm Học liệu Trường Đại học Cần Thơ
LEADER 00589nam a2200193Ia 4500
001 CTU_32066
008 210402s9999 xx 000 0 und d
020 |c 13500 
082 |a 658 
082 |b T527 
100 |a Đặng, Xuân Tuyến 
245 0 |a Kinh doanh, những điều còn ít nói 
245 0 |c Đặng Xuân Tuyến 
260 |a Hà Nội 
260 |b Văn hoá - Thông tin 
260 |c 1996 
650 |a Managerial economics,Kinh tế quản lý 
904 |i Minh, 990715, lthieu 
980 |a Trung tâm Học liệu Trường Đại học Cần Thơ